00552nam a2200133 a 450000100100000000500170001000800410002704000250006824501120009326000710020530000200027695201050029699900170040100004450320201002045424.0140703s1931 000 spa d aDO-SdBNPbspacBNPHU 0aMensaje presentado a la Asamblea Nacional por el Presidente de República Gral. Rafael L. Trujillo Molina. aSanto Domingo :bImprenta de J. R. Vda, García Sucesores,c1931. a40 p. ;c24 cm. 001050718MOaPDbPDcHDd2014-07-03iLF1l0o p44503-10r2020-06-25w2020-06-25y1ZNo se presta c43992d43992